[Event "Blumenau Santa Catarina Cup 2nd"]
[Site "Blumenau"]
[Date "2013.02.11"]
[Round "1"]
[White "Cubas, Jose Fernando"]
[Black "Aguiar, Lucas Teodoro Barbo"]
[Result "1-0"]
[WhiteElo "2537"]
[BlackElo "2202"]
[PlyCount "43"]
[EventDate "2013.02.11"]
[EventType "tourn"]
[EventRounds "9"]
[EventCountry "BRA"]
[EventCategory "3"]
[SourceTitle "CBM 153 Extra"]
[Source "ChessBase"]
[SourceDate "2013.04.22"]
[SourceVersion "1"]
[SourceVersionDate "2013.04.22"]
[SourceQuality "1"]

1. e4 e5 2. Nf3 Nc6 3. Bc4 Nf6 4. d3 Be7 5. O-O O-O 6. Re1 d5 7. exd5 Nxd5 8.
Nxe5 Nxe5 9. Rxe5 Nb6 10. Bb3 Kh8 11. Nd2 a5 12. a4 f5 13. Qh5 Nd7 14. Nf3 Nf6
15. Qh4 Bd6 16. Bg5 Bd7 17. Re3 Be8 18. Rae1 Bg6 19. Nd4 Qd7 20. Ne6 Ng4 21.
Nxf8 Rxf8 22. R3e2 1-0

[Event "Blumenau Santa Catarina Cup 2nd"]
[Site "Blumenau"]
[Date "2013.02.12"]
[Round "2"]
[White "Cubas, Jose Fernando"]
[Black "Diaz Hollemaert, Nahuel Carlos"]
[Result "1-0"]
[WhiteElo "2537"]
[BlackElo "2398"]
[PlyCount "63"]
[EventDate "2013.02.11"]
[EventType "tourn"]
[EventRounds "9"]
[EventCountry "BRA"]
[EventCategory "3"]
[SourceTitle "CBM 153 Extra"]
[Source "ChessBase"]
[SourceDate "2013.04.22"]
[SourceVersion "1"]
[SourceVersionDate "2013.04.22"]
[SourceQuality "1"]

1. e4 c5 2. Nf3 e6 3. d4 cxd4 4. Nxd4 a6 5. Nc3 Qc7 6. Bd3 Bc5 7. Nb3 Be7 8. a4
Nf6 9. f4 d6 10. a5 h5 11. Be3 Nbd7 12. h3 Nc5 13. Nxc5 dxc5 14. Bc4 h4 15. O-O
Nh5 16. f5 Bd6 17. Bf2 Nf6 18. Qe1 Bd7 19. fxe6 fxe6 20. Na4 Bb5 21. Bxb5+ axb5
22. e5 Bxe5 23. Nxc5 Kf7 24. Rd1 Rad8 25. Nd3 Bh2+ 26. Kh1 Rd5 27. Bxh4 Bd6 28.
Bxf6 gxf6 29. Nf2 Qxc2 30. Rxd5 exd5 31. Ng4 Re8 32. Qh4 1-0

[Event "Blumenau Santa Catarina Cup 2nd"]
[Site "Blumenau"]
[Date "2013.02.13"]
[Round "3"]
[White "Gallo Ponce, Elbert"]
[Black "Cubas, Jose Fernando"]
[Result "1/2-1/2"]
[WhiteElo "2259"]
[BlackElo "2537"]
[PlyCount "75"]
[EventDate "2013.02.11"]
[EventType "tourn"]
[EventRounds "9"]
[EventCountry "BRA"]
[EventCategory "3"]
[SourceTitle "CBM 153 Extra"]
[Source "ChessBase"]
[SourceDate "2013.04.22"]
[SourceVersion "1"]
[SourceVersionDate "2013.04.22"]
[SourceQuality "1"]

1. Nf3 g6 2. g3 Bg7 3. d4 Nf6 4. Bg2 c5 5. c4 O-O 6. Nc3 Nc6 7. O-O cxd4 8.
Nxd4 Nxd4 9. Qxd4 d6 10. b3 Qa5 11. Bb2 Ng4 12. Qd2 Qh5 13. h3 Nf6 14. Nd5 Nxd5
15. Bxg7 Kxg7 16. g4 Qh4 17. Qxd5 f5 18. c5 fxg4 19. hxg4 Bxg4 20. cxd6 Rf5 21.
Qe4 Qg5 22. f4 Qf6 23. Qxe7+ Qxe7 24. dxe7 Re8 25. Bxb7 Rxe7 26. e4 Rc5 27. Bd5
Be6 28. Rfc1 Rxc1+ 29. Rxc1 Bxd5 30. exd5 Kf6 31. Kf2 Rd7 32. Rc5 Kf5 33. Kf3
h5 34. d6+ Kf6 35. Rd5 Ke6 36. Rg5 Kf6 37. Rd5 Ke6 38. Rg5 1/2-1/2

[Event "Blumenau Santa Catarina Cup 2nd"]
[Site "Blumenau"]
[Date "2013.02.13"]
[Round "4"]
[White "Cubas, Jose Fernando"]
[Black "Gauche, Charles"]
[Result "1-0"]
[WhiteElo "2537"]
[BlackElo "2227"]
[PlyCount "87"]
[EventDate "2013.02.11"]
[EventType "tourn"]
[EventRounds "9"]
[EventCountry "BRA"]
[EventCategory "3"]
[SourceTitle "CBM 153 Extra"]
[Source "ChessBase"]
[SourceDate "2013.04.22"]
[SourceVersion "1"]
[SourceVersionDate "2013.04.22"]
[SourceQuality "1"]

1. e4 c5 2. Nf3 a6 3. c3 b5 4. d4 cxd4 5. cxd4 Bb7 6. Bd3 e6 7. O-O Nf6 8. Qe2
Be7 9. a3 d6 10. Nc3 Nbd7 11. Rd1 Qb8 12. h3 e5 13. a4 b4 14. dxe5 dxe5 15. Nd5
Nxd5 16. exd5 O-O 17. Bf5 Rd8 18. Bf4 Bd6 19. Bg3 Nf8 20. Rac1 Ng6 21. Ng5 Nf8
22. Bc2 Re8 23. Ne4 h6 24. Bb3 Ng6 25. Rc6 Rd8 26. Qg4 Kh8 27. Rb6 a5 28. Bc4
Qc7 29. Nxd6 Rxd6 30. Rxd6 Qxd6 31. Qf5 Kg8 32. h4 Bc8 33. Qd3 Ne7 34. Re1 Bf5
35. Qf3 f6 36. Bh2 Bc2 37. b3 Nf5 38. Qg4 Rd8 39. f4 Qb6+ 40. Kh1 Ne3 41. Bg1
Nxg4 42. Bxb6 Ra8 43. d6+ Kf8 44. Bd5 1-0

[Event "Blumenau Santa Catarina Cup 2nd"]
[Site "Blumenau"]
[Date "2013.02.14"]
[Round "5"]
[White "Ricardi, Pablo"]
[Black "Cubas, Jose Fernando"]
[Result "0-1"]
[WhiteElo "2501"]
[BlackElo "2537"]
[PlyCount "90"]
[EventDate "2013.02.11"]
[EventType "tourn"]
[EventRounds "9"]
[EventCountry "BRA"]
[EventCategory "3"]
[SourceTitle "CBM 153 Extra"]
[Source "ChessBase"]
[SourceDate "2013.04.22"]
[SourceVersion "1"]
[SourceVersionDate "2013.04.22"]
[SourceQuality "1"]

1. Nf3 d5 2. g3 Nf6 3. Bg2 c6 4. d3 Bf5 5. Nbd2 e6 6. Nh4 Bg4 7. h3 Bh5 8. g4
Nfd7 9. Ndf3 Be7 10. gxh5 Bxh4 11. Nxh4 Qxh4 12. e4 Nf6 13. e5 Nfd7 14. d4 c5
15. c3 Nc6 16. Be3 cxd4 17. cxd4 f6 18. exf6 Nxf6 19. h6 gxh6 20. Qb3 O-O-O 21.
Rc1 Rd7 22. Bf1 Rc7 23. Rg1 Kb8 24. Ba6 Ka8 25. Qa4 Rhc8 26. Bb5 Ne4 27. Bxc6
bxc6 28. Qa6 Qxh3 29. Rg7 Qh1+ 30. Ke2 Qh5+ 31. f3 Qh2+ 32. Kd3 Ng3 33. Rc2 Qh3
34. Rf2 Nh1 35. Rfg2 Qxf3 36. Kd2 h5 37. Qe2 Qxe2+ 38. Kxe2 h4 39. Rxc7 Rxc7
40. Rg8+ Kb7 41. Bf4 Rf7 42. Ke3 Nf2 43. Rb8+ Ka6 44. Rb3 Ng4+ 45. Kf3 Nh2+ 0-1

[Event "Blumenau Santa Catarina Cup 2nd"]
[Site "Blumenau"]
[Date "2013.02.15"]
[Round "6"]
[White "Cubas, Jose Fernando"]
[Black "Cordeiro, Marco Aurelio Zaror"]
[Result "1-0"]
[WhiteElo "2537"]
[BlackElo "2215"]
[PlyCount "83"]
[EventDate "2013.02.11"]
[EventType "tourn"]
[EventRounds "9"]
[EventCountry "BRA"]
[EventCategory "3"]
[SourceTitle "CBM 153 Extra"]
[Source "ChessBase"]
[SourceDate "2013.04.22"]
[SourceVersion "1"]
[SourceVersionDate "2013.04.22"]
[SourceQuality "1"]

1. e4 Nf6 2. e5 Nd5 3. d4 Nb6 4. c4 d6 5. exd6 cxd6 6. Nc3 g6 7. Be3 Bg7 8. Rc1
O-O 9. b3 Nc6 10. d5 Ne5 11. Be2 f5 12. f4 Ng4 13. Bxg4 fxg4 14. Nge2 a5 15.
O-O Nd7 16. Na4 b6 17. Bd4 Nc5 18. Bxg7 Kxg7 19. Nd4 Bd7 20. Nc3 Bf5 21. Re1
Qd7 22. Re3 Rae8 23. Qe2 e6 24. Re1 Kf7 25. Ncb5 e5 26. fxe5 dxe5 27. Nxf5 gxf5
28. Rf1 Kg6 29. Rxe5 Ne4 30. Rxe8 Rxe8 31. Qe3 Nc5 32. Qf4 Re4 33. Qb8 Nb7 34.
Qg8+ Kh6 35. Qf8+ Kg6 36. Nc7 Qf7 37. Qb8 Qf6 38. Ne6 Nc5 39. Nxc5 Qd4+ 40. Kh1
Qf2 41. Qxb6+ Kh5 42. Nxe4 1-0

[Event "Blumenau Santa Catarina Cup 2nd"]
[Site "Blumenau"]
[Date "2013.02.15"]
[Round "7"]
[White "Feliciano Ebert, Vanessa"]
[Black "Cubas, Jose Fernando"]
[Result "0-1"]
[WhiteElo "2224"]
[BlackElo "2537"]
[PlyCount "68"]
[EventDate "2013.02.11"]
[EventType "tourn"]
[EventRounds "9"]
[EventCountry "BRA"]
[EventCategory "3"]
[SourceTitle "CBM 153 Extra"]
[Source "ChessBase"]
[SourceDate "2013.04.22"]
[SourceVersion "1"]
[SourceVersionDate "2013.04.22"]
[SourceQuality "1"]

1. e4 e6 2. d4 d5 3. Nc3 Nf6 4. e5 Nfd7 5. f4 c5 6. Nf3 Nc6 7. Be3 Qb6 8. Na4
Qa5+ 9. c3 cxd4 10. b4 Nxb4 11. cxb4 Bxb4+ 12. Bd2 Bxd2+ 13. Nxd2 b6 14. Nb2
Nc5 15. Be2 O-O 16. h4 Ne4 17. Rh3 f6 18. Rf3 Bd7 19. a4 Rac8 20. exf6 gxf6 21.
Bb5 Rf7 22. Bxd7 Rxd7 23. Rc1 Rdc7 24. Rxc7 Rxc7 25. Rd3 Rg7 26. Kf1 Nc5 27.
Nb3 Qa6 28. Nxc5 bxc5 29. Qh5 Kf8 30. Kf2 Qb6 31. Nd1 c4 32. Rg3 d3+ 33. Kf3
Qb1 34. Nf2 Qf1 0-1

[Event "Blumenau Santa Catarina Cup 2nd"]
[Site "Blumenau"]
[Date "2013.02.16"]
[Round "8"]
[White "Cubas, Jose Fernando"]
[Black "Umetsubo, Cesar Hidemitsu"]
[Result "1-0"]
[WhiteElo "2537"]
[BlackElo "2288"]
[PlyCount "129"]
[EventDate "2013.02.11"]
[EventType "tourn"]
[EventRounds "9"]
[EventCountry "BRA"]
[EventCategory "3"]
[SourceTitle "CBM 153 Extra"]
[Source "ChessBase"]
[SourceDate "2013.04.22"]
[SourceVersion "1"]
[SourceVersionDate "2013.04.22"]
[SourceQuality "1"]

1. e4 e5 2. Nf3 Nf6 3. Nxe5 d6 4. Nf3 Nxe4 5. Nc3 Nf6 6. d4 Be7 7. Bg5 O-O 8.
Qd2 Re8 9. O-O-O Bf5 10. Qf4 Bg6 11. g4 Nc6 12. Bxf6 Bxf6 13. Bc4 Bh4 14. Rhf1
Qf6 15. Nd5 Qxf4+ 16. Nxf4 Bf6 17. Nxg6 hxg6 18. g5 Bd8 19. Rde1 Rxe1+ 20. Rxe1
Kf8 21. Re4 Ne7 22. Rf4 d5 23. Bd3 Kg8 24. h4 Nc8 25. c4 dxc4 26. Bxc4 Nd6 27.
Bb3 c5 28. Bd5 Rc8 29. Ne5 cxd4+ 30. Kd1 Rc5 31. Rxd4 Bb6 32. Rd3 Rb5 33. f3
Nf5 34. Nc4 Bf2 35. f4 Kf8 36. Be4 Rb4 37. b3 b5 38. Nd2 Ke7 39. h5 Nd6 40. h6
gxh6 41. gxh6 f5 42. h7 Nf7 43. Bc6 Rd4 44. Rxd4 Bxd4 45. Nf3 Be3 46. Nh4 Nh8
47. Ng2 Bb6 48. Bxb5 Kf6 49. Bc4 g5 50. Ke2 g4 51. Nh4 Bc7 52. Bd3 Bxf4 53.
Nxf5 Be5 54. b4 Kg5 55. a4 Ng6 56. Kf2 Nf4 57. Be4 Nh5 58. Nd6 Kf4 59. Bg6 Ng3
60. Kg2 Ne2 61. Bd3 Nc3 62. a5 Nd5 63. Nc4 Bh8 64. b5 Kg5 65. Be4 1-0

[Event "Blumenau Santa Catarina Cup 2nd"]
[Site "Blumenau"]
[Date "2013.02.17"]
[Round "9"]
[White "Bueno, Alfeu Varela Jr"]
[Black "Cubas, Jose Fernando"]
[Result "0-1"]
[WhiteElo "2306"]
[BlackElo "2537"]
[PlyCount "234"]
[EventDate "2013.02.11"]
[EventType "tourn"]
[EventRounds "9"]
[EventCountry "BRA"]
[EventCategory "3"]
[SourceTitle "CBM 153 Extra"]
[Source "ChessBase"]
[SourceDate "2013.04.22"]
[SourceVersion "1"]
[SourceVersionDate "2013.04.22"]
[SourceQuality "1"]

1. e4 e6 2. d4 d5 3. Nc3 Nf6 4. exd5 exd5 5. Bg5 Bb4 6. Bd3 h6 7. Bh4 O-O 8.
Nge2 Re8 9. O-O c6 10. f4 Bg4 11. h3 Bxe2 12. Nxe2 Nbd7 13. Ng3 Bf8 14. Bf5 Qc7
15. c3 Be7 16. Qd3 Nf8 17. Rae1 g6 18. Re5 N6h7 19. Rfe1 Bxh4 20. Rxe8 Rxe8 21.
Rxe8 gxf5 22. Nxf5 Qxf4 23. g3 Qc1+ 24. Qf1 Bg5 25. Qxc1 Bxc1 26. Re2 Ne6 27.
h4 Ng7 28. Nd6 Nf6 29. Nxb7 Nf5 30. Nd8 c5 31. dxc5 Be3+ 32. Kg2 Bxc5 33. Re5
Nxg3 34. Nc6 Bd6 35. Re1 a6 36. Rd1 Nf5 37. Kh3 Ne4 38. Rg1+ Kf8 39. Kg4 Ne3+
40. Kf3 Nc4 41. Rd1 Nf6 42. b3 Ne5+ 43. Nxe5 Bxe5 44. c4 dxc4 45. bxc4 Ke7 46.
Rb1 Bc7 47. Rb7 Kd7 48. Ra7 a5 49. Ra6 Ke7 50. Rc6 Be5 51. Ra6 Bc7 52. Rc6 Be5
53. Ra6 Bc3 54. Kf4 Nd7 55. Kf5 h5 56. Ra7 Kd6 57. Kg5 Bd2+ 58. Kf5 Kc6 59. Ke4
Be1 60. Kf5 Bc3 61. Kg5 Bd2+ 62. Kf5 Kd6 63. Rb7 Be1 64. Ra7 Ne5 65. c5+ Kd5
66. c6 Nxc6 67. Rxf7 Bxh4 68. Rh7 Nd4+ 69. Kf4 Ne6+ 70. Kf5 Bg3 71. Rd7+ Bd6
72. Ra7 Bc7 73. Ra6 Nd4+ 74. Kg5 Nc6 75. a4 Bd8+ 76. Kxh5 Kd6 77. Ra8 Kc7 78.
Kg4 Kb7 79. Rxa5 Nxa5 80. Kh3 Kc6 81. Kg4 Kc5 82. Kf5 Kb4 83. Ke4 Kxa4 84. Kd5
Kb5 85. Kd4 Kc6 86. Ke4 Nb3 87. Ke5 Bc7+ 88. Ke4 Kc5 89. Kd3 Kd5 90. Ke3 Nc5
91. Kf3 Kd4 92. Ke2 Ke4 93. Kf2 Nb3 94. Ke2 Nd4+ 95. Kf2 Kf4 96. Kg2 Ba5 97.
Kf2 Bb4 98. Kg2 Nf5 99. Kf2 Ng3 100. Kg2 Bc5 101. Kh3 Kf3 102. Kh2 Bb6 103. Kh3
Bg1 104. Kh4 Ne4 105. Kh3 Ng5+ 106. Kh4 Kf4 107. Kh5 Kf5 108. Kh4 Bf2+ 109. Kh5
Be1 110. Kh6 Ne6 111. Kh5 Ng7+ 112. Kh6 Kf6 113. Kh7 Kf7 114. Kh6 Bd2+ 115. Kh7
Bc1 116. Kh8 Ne6 117. Kh7 Nf8+ 0-1

[Event "Reykjavik op"]
[Site "Reykjavik"]
[Date "2013.02.19"]
[Round "1"]
[White "Seim, Fredrik"]
[Black "Cubas Pons, Juan Miguel"]
[Result "0-1"]
[WhiteElo "1714"]
[BlackElo "2284"]
[PlyCount "78"]
[EventDate "2013.02.19"]
[EventType "swiss"]
[EventRounds "10"]
[EventCountry "ISL"]
[SourceTitle "CBM 153 Extra"]
[Source "ChessBase"]
[SourceDate "2013.04.22"]
[SourceVersion "1"]
[SourceVersionDate "2013.04.22"]
[SourceQuality "1"]

1. Nc3 d5 2. e4 e6 3. Nf3 Nf6 4. e5 Nfd7 5. d4 c5 6. Ne2 Nc6 7. c3 cxd4 8. cxd4
f6 9. Nf4 Bb4+ 10. Bd2 Bxd2+ 11. Qxd2 Qe7 12. Nd3 O-O 13. Be2 fxe5 14. dxe5 Rf5
15. Qc3 Nb6 16. b3 Bd7 17. Nd4 Nxd4 18. Qxd4 Bb5 19. Rc1 Qg5 20. O-O Qd2 21. a4
Ba6 22. Rfe1 Rc8 23. Rcd1 Qc3 24. Qh4 Qxb3 25. Qe7 Rc6 26. Nb4 Rf7 27. Qe8+ Rf8
28. Qe7 Nc8 29. Qh4 Bxe2 30. Rb1 Qxa4 31. Ra1 Qb5 32. Nxc6 bxc6 33. Qh3 Rf5 34.
Rab1 Qd3 35. Qh4 Rf8 36. Rb7 Qd2 37. Reb1 Bd3 38. Qg3 g6 39. Qh4 g5 0-1

[Event "Reykjavik op"]
[Site "Reykjavik"]
[Date "2013.02.20"]
[Round "3"]
[White "Johannsson, Orn Leo"]
[Black "Cubas Pons, Juan Miguel"]
[Result "1/2-1/2"]
[WhiteElo "1953"]
[BlackElo "2284"]
[PlyCount "117"]
[EventDate "2013.02.19"]
[EventType "swiss"]
[EventRounds "10"]
[EventCountry "ISL"]
[SourceTitle "CBM 153 Extra"]
[Source "ChessBase"]
[SourceDate "2013.04.22"]
[SourceVersion "1"]
[SourceVersionDate "2013.04.22"]
[SourceQuality "1"]

1. d4 e6 2. Nf3 f5 3. Bg5 Nf6 4. Nbd2 d5 5. e3 Bd6 6. Ne5 O-O 7. f4 c5 8. c3 b6
9. Be2 Ba6 10. O-O Bxe2 11. Qxe2 Qe8 12. Bxf6 gxf6 13. Nef3 Nc6 14. Rae1 c4 15.
Kh1 Qh5 16. g3 b5 17. Nh4 Qxe2 18. Rxe2 b4 19. Rc1 bxc3 20. Rxc3 Na5 21. Nhf3
Rab8 22. b3 Bb4 23. Rc2 Bxd2 24. Nxd2 cxb3 25. axb3 Rf7 26. Kg2 Nxb3 27. Nxb3
Rxb3 28. Rc6 Rb6 29. Rec2 Rxc6 30. Rxc6 Re7 31. Kf3 Kf7 32. h3 Ke8 33. Ra6 Kd8
34. g4 fxg4+ 35. hxg4 Kc8 36. f5 Kb7 37. Rd6 a5 38. fxe6 a4 39. Rxd5 Rxe6 40.
Rh5 Ra6 41. Rxh7+ Kc6 42. e4 a3 43. Rh1 Kb5 44. Kf4 Kc4 45. d5 a2 46. Ra1 Kb3
47. g5 fxg5+ 48. Kxg5 Kb2 49. Rh1 a1=Q 50. Rxa1 Rxa1 51. d6 Kc3 52. e5 Rd1 53.
Kf5 Kc4 54. e6 Rd5+ 55. Kf6 Rxd6 56. Kf7 Kd5 57. e7 Rd7 58. Kf8 Rxe7 59. Kxe7
1/2-1/2

[Event "Reykjavik op"]
[Site "Reykjavik"]
[Date "2013.02.21"]
[Round "4"]
[White "Cubas Pons, Juan Miguel"]
[Black "Ragnarsson, Dagur"]
[Result "1/2-1/2"]
[WhiteElo "2284"]
[BlackElo "1961"]
[PlyCount "124"]
[EventDate "2013.02.19"]
[EventType "swiss"]
[EventRounds "10"]
[EventCountry "ISL"]
[SourceTitle "CBM 153 Extra"]
[Source "ChessBase"]
[SourceDate "2013.04.22"]
[SourceVersion "1"]
[SourceVersionDate "2013.04.22"]
[SourceQuality "1"]

1. d4 d5 2. c4 e6 3. Nf3 c5 4. cxd5 exd5 5. g3 Nf6 6. Bg2 Be7 7. O-O O-O 8. Be3
c4 9. b3 cxb3 10. Qxb3 Nc6 11. Ne5 Na5 12. Qa4 Be6 13. Bd2 Nc4 14. Nxc4 dxc4
15. e3 Bd5 16. Bxd5 Qxd5 17. Nc3 Qe6 18. Qb5 Rab8 19. d5 Qh3 20. f3 Rfc8 21. e4
Bd6 22. Ne2 Nh5 23. Be1 a6 24. Qa4 b5 25. Qxa6 Rb6 26. Qxb6 Bc5+ 27. Qxc5 Rxc5
28. g4 Nf6 29. Bg3 g5 30. Be5 Nd7 31. Bd4 Rc8 32. Ng3 c3 33. Nf5 Rc4 34. Rac1
c2 35. Rf2 f6 36. Bb2 h5 37. gxh5 Qxh5 38. Nd6 Rc7 39. Nxb5 Rb7 40. a4 Nc5 41.
Rcxc2 Nxa4 42. Rc8+ Kg7 43. d6 Rd7 44. Rc7 Nb6 45. Bd4 g4 46. fxg4 Qxb5 47.
Bxb6 Qb1+ 48. Kg2 Qxe4+ 49. Rf3 Qe2+ 50. Bf2 Rxc7 51. dxc7 Qc2 52. Ra3 Qc6+ 53.
Kh3 f5 54. Bd4+ Kf7 55. gxf5 Qd7 56. Ra5 Qxd4 57. c8=Q Qe3+ 58. Kg2 Qe2+ 59.
Kg3 Qe3+ 60. Kg4 Qe4+ 61. Kh5 Qf3+ 62. Kg5 Qe3+ 1/2-1/2

[Event "Reykjavik op"]
[Site "Reykjavik"]
[Date "2013.02.22"]
[Round "5"]
[White "Pretterhofer, Kiaras"]
[Black "Cubas Pons, Juan Miguel"]
[Result "0-1"]
[WhiteElo "1997"]
[BlackElo "2284"]
[PlyCount "86"]
[EventDate "2013.02.19"]
[EventType "swiss"]
[EventRounds "10"]
[EventCountry "ISL"]
[SourceTitle "CBM 153 Extra"]
[Source "ChessBase"]
[SourceDate "2013.04.22"]
[SourceVersion "1"]
[SourceVersionDate "2013.04.22"]
[SourceQuality "1"]

1. e4 e6 2. d4 d5 3. Nc3 Bb4 4. e5 c5 5. a3 Bxc3+ 6. bxc3 Ne7 7. Qg4 cxd4 8.
cxd4 Qc7 9. Bd2 Qxc2 10. Rc1 Qg6 11. Qh4 Nbc6 12. Nf3 h6 13. Bb4 Nxb4 14. axb4
Bd7 15. Be2 Rc8 16. O-O Rxc1 17. Rxc1 Nf5 18. Qf4 O-O 19. Rc7 Ba4 20. Bd3 Ng3
21. hxg3 Qxd3 22. Rxb7 Qb1+ 23. Kh2 a6 24. g4 Bb5 25. g5 Qe4 26. Qc1 h5 27. Rc7
Be2 28. Rc8 Rxc8 29. Qxc8+ Kh7 30. g6+ Kxg6 31. Qc3 Qd3 32. Nh4+ Kh7 33. Qxd3+
Bxd3 34. f4 Be4 35. Kg3 Kh6 36. Kh3 Kh7 37. Kg3 Kg8 38. Kf2 Kf8 39. Ke3 Ke7 40.
g3 Kd7 41. Kd2 Kc6 42. Kc3 Kb5 43. Kb3 g6 0-1

[Event "Reykjavik op"]
[Site "Reykjavik"]
[Date "2013.02.26"]
[Round "9"]
[White "Kristjansson, Stefan"]
[Black "Cubas Pons, Juan Miguel"]
[Result "1-0"]
[WhiteElo "2486"]
[BlackElo "2284"]
[PlyCount "75"]
[EventDate "2013.02.19"]
[EventType "swiss"]
[EventRounds "10"]
[EventCountry "ISL"]
[SourceTitle "CBM 153 Extra"]
[Source "ChessBase"]
[SourceDate "2013.04.22"]
[SourceVersion "1"]
[SourceVersionDate "2013.04.22"]
[SourceQuality "1"]

1. e4 e6 2. Nf3 d5 3. Nc3 Nf6 4. e5 Nfd7 5. d4 c5 6. dxc5 Nc6 7. Bf4 Bxc5 8.
Bd3 a6 9. Qe2 b5 10. O-O b4 11. Nd1 h6 12. c3 a5 13. h3 Qb6 14. Ne3 g5 15. Bh2
Bxe3 16. fxe3 Nc5 17. Bb5 bxc3 18. bxc3 Ba6 19. Nd4 O-O 20. Qh5 Bxb5 21. Rf6
Ne7 22. Rxh6 Ng6 23. Rb1 Be2 24. Rxg6+ fxg6 25. Qxg6+ Kh8 26. Qh6+ Kg8 27. Qg6+
Kh8 28. Qh6+ Kg8 29. Qxg5+ Kh7 30. Qh4+ Kg6 31. Qg3+ Kh5 32. Re1 Bd3 33. Qg7
Bg6 34. g4+ Kg5 35. h4+ Kxg4 36. Qxg6+ Kxh4 37. Bg3+ Kh3 38. Qh5+ 1-0

[Event "Reykjavik op"]
[Site "Reykjavik"]
[Date "2013.02.27"]
[Round "10"]
[White "Cubas Pons, Juan Miguel"]
[Black "Thorsteinsdottir, Gudlaug"]
[Result "1-0"]
[WhiteElo "2284"]
[BlackElo "2041"]
[PlyCount "75"]
[EventDate "2013.02.19"]
[EventType "swiss"]
[EventRounds "10"]
[EventCountry "ISL"]
[SourceTitle "CBM 153 Extra"]
[Source "ChessBase"]
[SourceDate "2013.04.22"]
[SourceVersion "1"]
[SourceVersionDate "2013.04.22"]
[SourceQuality "1"]

1. d4 d5 2. c4 c6 3. Nf3 Nf6 4. e3 Bf5 5. Nc3 e6 6. Nh4 Bg4 7. Qb3 Qb6 8. h3
Bh5 9. g4 Bg6 10. Nxg6 hxg6 11. Bg2 Nbd7 12. c5 Qxb3 13. axb3 g5 14. b4 e5 15.
b5 Be7 16. O-O O-O 17. Bd2 Rfc8 18. Ra2 a6 19. bxc6 bxc6 20. Rfa1 Rab8 21. Nd1
exd4 22. exd4 Ne4 23. Be1 Nf8 24. f3 Nf6 25. Rxa6 Ne6 26. Bc3 g6 27. Nf2 Nf4
28. Bf1 Nh7 29. Ra7 Bf6 30. Nd3 Nxd3 31. Bxd3 Nf8 32. Ba6 Re8 33. Bb7 Re2 34.
Bxc6 Ne6 35. Bxd5 Bxd4+ 36. Bxd4 Nxd4 37. Rxf7 Kh8 38. Raa7 1-0

[Event "Sao Paulo Braga Memorial 2nd"]
[Site "Sao Paulo"]
[Date "2013.07.05"]
[Round "1"]
[White "Cubas, Jose Fernando"]
[Black "Caceres, Elton Carlos"]
[Result "1-0"]
[WhiteElo "2528"]
[BlackElo "1885"]
[PlyCount "69"]
[EventDate "2013.07.05"]
[EventType "swiss"]
[EventRounds "9"]
[EventCountry "BRA"]
[SourceTitle "CBM 155 Extra"]
[Source "ChessBase"]
[SourceDate "2013.08.26"]
[SourceVersion "1"]
[SourceVersionDate "2013.08.26"]
[SourceQuality "1"]

1. e4 d5 2. exd5 Qxd5 3. Nc3 Qa5 4. b4 Qe5+ 5. Nge2 c6 6. d4 Qc7 7. Bf4 Qd8 8.
g3 e5 9. Bxe5 f6 10. Bxb8 Rxb8 11. Rb1 Bd6 12. Bg2 Ne7 13. O-O O-O 14. Ne4 Bc7
15. c4 Be6 16. Rc1 b6 17. Qd2 Bf7 18. Rfd1 Ng6 19. d5 cxd5 20. cxd5 Rc8 21. Bh3
Ra8 22. d6 Bb8 23. Rc8 Qxc8 24. Bxc8 Rxc8 25. Nd4 Ne5 26. f4 Nc4 27. Qg2 Bxd6
28. Nxd6 Nxd6 29. Nc6 Nf5 30. Qe4 Bg6 31. g4 Ne3 32. Ne7+ Kf7 33. f5 Nxd1 34.
Qe6+ Kf8 35. fxg6 1-0

[Event "Sao Paulo Braga Memorial 2nd"]
[Site "Sao Paulo"]
[Date "2013.07.06"]
[Round "2"]
[White "Starke, Bruno Orlando"]
[Black "Cubas, Jose Fernando"]
[Result "1/2-1/2"]
[WhiteElo "2096"]
[BlackElo "2528"]
[PlyCount "188"]
[EventDate "2013.07.05"]
[EventType "swiss"]
[EventRounds "9"]
[EventCountry "BRA"]
[SourceTitle "CBM 155 Extra"]
[Source "ChessBase"]
[SourceDate "2013.08.26"]
[SourceVersion "1"]
[SourceVersionDate "2013.08.26"]
[SourceQuality "1"]

1. d4 g6 2. Nf3 Bg7 3. c4 d6 4. g3 Nd7 5. Bg2 e5 6. Nc3 Ne7 7. O-O O-O 8. dxe5
dxe5 9. Qc2 Nf5 10. Rd1 Nd4 11. Nxd4 exd4 12. Nb5 Nc5 13. Qd2 Ne6 14. b3 c6 15.
Na3 f5 16. Bb2 Qe7 17. Rac1 f4 18. c5 Qg5 19. Qc2 fxg3 20. hxg3 h5 21. Qe4 Nxc5
22. Qh4 Qxh4 23. gxh4 Ne6 24. Nc4 Nf4 25. Bf1 c5 26. e3 Ne6 27. Bg2 Rb8 28. Rd2
b6 29. Bd5 Kh7 30. Bxe6 Bxe6 31. exd4 Rbd8 32. Rcd1 Bh6 33. Re2 Bg4 34. Re7+
Kg8 35. Rd3 Bf5 36. Rd1 Bc2 37. Rde1 cxd4 38. Rxa7 Rf4 39. Bc1 Rg4+ 40. Kh2
Rxh4+ 41. Kg3 Rg4+ 42. Kh2 Rh4+ 43. Kg3 Rg4+ 44. Kh2 Bf8 45. f3 b5 46. Ne5 Bb4
47. Rf1 Bd6 48. fxg4 Bxe5+ 49. Bf4 Rf8 50. Bxe5 Rxf1 51. gxh5 gxh5 52. Bxd4 h4
53. Rg7+ Kf8 54. Rg4 h3 55. Be3 Ke8 56. Rf4 Re1 57. Bd4 Bb1 58. Kxh3 Bxa2 59.
b4 Kd7 60. Kg3 Ke6 61. Kf2 Rb1 62. Bc5 Ke5 63. Rf3 Rb2+ 64. Kg3 Bd5 65. Rf2
Rb3+ 66. Kh2 Bf3 67. Kg3 Ke4 68. Kh4 Rd3 69. Kg5 Ke5 70. Rf1 Be4 71. Rg1 Rd8
72. Kh6 Kf6 73. Rf1+ Ke6 74. Rf8 Rd7 75. Kg5 Ke5 76. Re8+ Kd5 77. Kf6 Bd3 78.
Re5+ Kc4 79. Re7 Rd8 80. Ke5 Rd5+ 81. Kf4 Rf5+ 82. Ke3 Rh5 83. Rf7 Re5+ 84. Kf2
Kc3 85. Rf3 Kc2 86. Re3 Rf5+ 87. Rf3 Rh5 88. Ke3 Re5+ 89. Kd4 Re4+ 90. Kd5 Rh4
91. Rg3 Rh5+ 92. Kd4 Rh4+ 93. Kd5 Rh5+ 94. Kd4 Rh4+ 1/2-1/2

[Event "Sao Paulo Braga Memorial 2nd"]
[Site "Sao Paulo"]
[Date "2013.07.07"]
[Round "3"]
[White "Cubas, Jose Fernando"]
[Black "Goncalves, Leonardo Yamamoto"]
[Result "1-0"]
[WhiteElo "2528"]
[BlackElo "1933"]
[PlyCount "59"]
[EventDate "2013.07.05"]
[EventType "swiss"]
[EventRounds "9"]
[EventCountry "BRA"]
[SourceTitle "CBM 155 Extra"]
[Source "ChessBase"]
[SourceDate "2013.08.26"]
[SourceVersion "1"]
[SourceVersionDate "2013.08.26"]
[SourceQuality "1"]

1. e4 c5 2. Nf3 g6 3. d4 cxd4 4. Nxd4 Nc6 5. Nc3 Bg7 6. Nb3 Bxc3+ 7. bxc3 Nf6
8. Qe2 Qc7 9. Bb2 O-O 10. c4 a5 11. e5 Ne8 12. h4 a4 13. Nd2 d6 14. exd6 exd6
15. a3 Ng7 16. Ne4 f6 17. Nxf6+ Rxf6 18. Bxf6 Bf5 19. O-O-O b5 20. g4 Re8 21.
Qd2 Be4 22. Rh3 Qf7 23. Bb2 bxc4 24. f3 c3 25. Qxc3 Qf4+ 26. Kb1 Ne5 27. fxe4
Qxg4 28. Rhd3 Rc8 29. Qd4 Ne6 30. Bh3 1-0